Obras / (Record no. 107866)

MARC details
000 -LEADER
campo de control de longitud fija 01093nam a2200253 i 4500
001 - NÚMERO DE CONTROL
campo de control 107866
003 - IDENTIFICADOR DE NÚMERO DE CONTROL
campo de control ES-MaACL
005 - FECHA Y HORA DE LA ÚLTIMA TRANSACCIÓN
campo de control 20250908233046.0
007 - CAMPO FIJO DE DESCRIPCIÓN FÍSICA--INFORMACIÓN GENERAL
campo de control de longitud fija t|
008 - DATOS DE LONGITUD FIJA--INFORMACIÓN GENERAL
campo de control de longitud fija 061121s1974 sp r ||||1| spa d
100 1# - ENTRADA PRINCIPAL--NOMBRE DE PERSONA
Nombre de persona Mounier, Emmanuel,
Fechas asociadas al nombre 1905-1950
9 (RLIN) 83875
245 10 - MENCIÓN DEL TÍTULO
Título Obras /
Mención de responsabilidad, etc. Emmanuel Mounier ; introducción por Alfonso C. Comin ; versión de Enrique Molina, Julio D. González Campos.
250 ## - MENCION DE EDICION
Mención de edición 1ª. ed.
260 ## - PUBLICACIÓN, DISTRIBUCIÓN, ETC.
Lugar de publicación, distribución, etc. Barcelona :
Nombre del editor, distribuidor, etc. Laia,
Fecha de publicación, distribución, etc. 1974.
300 ## - DESCRIPCIÓN FÍSICA
Extensión 1 v. ;
Dimensiones 19 cm.
500 ## - NOTA GENERAL
Nota general Apéndices.
505 8# - NOTA DE CONTENIDO CON FORMATO
Nota de contenido con formato Contiene: v.1 ;
Título El pensamiento de Charles Peguy ;
-- Revolución personalista y comunitaria ;
-- De la propiedad capitalista a la propiedad humana ;
-- Manifiesto al servicio del personalismo ;
-- Anarquía y personalismo ;
-- Personalismo y cristianismo ;
-- Los cristianos ante el problema de la paz
650 07 - PUNTO DE ACCESO ADICIONAL DE MATERIA--TÉRMINO DE MATERIA
Término de materia o nombre geográfico como elemento de entrada Personalismo
Fuente del encabezamiento o término embne
9 (RLIN) 15975
700 1# - ENTRADA AGREGADA--NOMBRE PERSONAL
Nombre de persona Comín, Alfonso C.
9 (RLIN) 40007
700 1# - ENTRADA AGREGADA--NOMBRE PERSONAL
Nombre de persona Molina Campos, Enrique.
9 (RLIN) 81917
700 1# - ENTRADA AGREGADA--NOMBRE PERSONAL
Nombre de persona González Campos, Julio D.,
Fechas asociadas al nombre 1932-2007
9 (RLIN) 58489
852 ## - LOCALIZACIÓN
Ubicación ES-MaACL
Número de control de estantería P-91
Holdings
Estatus retirado Estado de pérdida Estado de daño No para préstamo Biblioteca de origen Biblioteca actual Ubicación en estantería Fecha de adquisición Fuente de adquisición Total de préstamos Signatura topográfica completa Código de barras Visto por última vez Precio de reemplazo Tipo de ítem Koha
        Biblioteca del Ateneo de Madrid Biblioteca del Ateneo de Madrid Depósito 2 17/01/2008     P-91 1112570 23/02/2023 23/02/2023 Libro impreso